NPB横浜DeNAベイスターズ 支配下登録選手 - Statistics

General Stats
  • This quiz has been taken 292 times
  • The average score is 38 of 70
Answer Stats
Hint Answer % Correct
1月29日 投 手 11 東 克樹
94%
1月29日 内野手 2 牧 秀悟
94%
1月29日 内野手 3 T.オースティン
89%
1月29日 捕 手 50 山本 祐大
88%
1月29日 捕 手 10 戸柱 恭孝
87%
1月29日 投 手 38 森 唯斗
86%
1月29日 内野手 6 森 敬斗
86%
1月29日 外野手 1 桑原 将志
86%
1月29日 外野手 7 佐野 恵太
84%
1月29日 投 手 69 A.ケイ
81%
4月19日 外野手 25 筒香 嘉智
80%
1月29日 投 手 42 A.ジャクソン
79%
1月29日 捕 手 5 松尾 汐恩
79%
1月29日 内野手 51 宮﨑 敏郎
76%
1月29日 外野手 4 度会 隆輝
76%
1月29日 投 手 19 山﨑 康晃
75%
1月29日 捕 手 29 伊藤 光
74%
1月29日 投 手 14 石田 健大
73%
1月29日 投 手 54 石田 裕太郎
73%
1月29日 投 手 13 伊勢 大夢
72%
1月29日 外野手 58 梶原 昂希
72%
1月29日 内野手 98 京田 陽太
71%
1月29日 内野手 0 林 琢真
70%
1月29日 内野手 9 大和
68%
1月29日 投 手 16 大貫 晋一
67%
1月29日 投 手 45 森原 康平
67%
7月8日 内野手 99 M.フォード
67%
1月29日 外野手 61 蝦名 達夫
66%
1月29日 外野手 8 神里 和毅
65%
1月29日 内野手 31 柴田 竜拓
64%
1月29日 外野手 63 関根 大気
63%
1月29日 投 手 18 小園 健太
61%
1月29日 投 手 53 中川 颯
58%
1月29日 投 手 64 中川 虎大
58%
1月29日 投 手 62 R.ウィック
57%
12月15日 投 手 41 佐々木 千隼
55%
1月29日 投 手 27 上茶谷 大河
55%
1月29日 投 手 20 坂本 裕哉
54%
1月29日 内野手 44 石上 泰輝
53%
1月29日 投 手 22 入江 大生
52%
1月29日 外野手 0 大田 泰示
52%
1月29日 投 手 49 J.B.ウェンデルケン
48%
1月29日 内野手 60 知野 直人
48%
1月29日 投 手 26 濵口 遥大
46%
1月29日 内野手 55 井上 絢登
45%
1月29日 投 手 17 三嶋 一輝
44%
1月29日 捕 手 57 東妻 純平
44%
1月29日 外野手 37 楠本 泰史
43%
1月29日 投 手 65 宮城 滝太
39%
1月29日 投 手 59 平良 拳太郎
37%
1月29日 捕 手 32 益子 京右
37%
1月29日 投 手 15 徳山 壮磨
36%
1月29日 投 手 46 石川 達也
32%
1月29日 投 手 34 松本 凌人
31%
1月29日 投 手 40 松本 隆之介
31%
1月29日 投 手 30 三浦 銀二
30%
6月8日 投 手 92 堀岡 隼人
30%
6月8日 投 手 93 Y.ディアス
28%
1月29日 捕 手 66 上甲 凌大
27%
1月29日 投 手 24 吉野 光樹
26%
12月15日 投 手 41 櫻井 周斗
25%
1月29日 投 手 48 京山 将弥
25%
1月29日 外野手 33 武田 陸玖
25%
1月29日 外野手 28 勝又 温史
23%
1月29日 内野手 67 西巻 賢二
21%
1月29日 投 手 36 森下 瑠大
20%
1月29日 投 手 43 深沢 鳳介
19%
1月29日 内野手 39 西浦 直亨
17%
1月29日 投 手 35 橋本 達弥
15%
1月29日 投 手 56 髙田 琢登
10%
No matching quizzes found
Score Distribution
Percent of People with Each Score
Percentile by Number Answered
Your Score History
You have not taken this quiz